Aplikácia A3 reportu na zníženie nákladov na rebuty v procese montáže v PSA Trnava
Guardado en:
| Autor principal: | |
|---|---|
| Otros Autores: | |
| Formato: | Manuscrito Libro |
| Lenguaje: | eslovaco |
| Publicado: |
2016
|
| Materias: | |
| Acceso en línea: | http://is.stuba.sk/zp/portal_zp.pl?podrobnosti=105907 |
| Etiquetas: |
Sin Etiquetas, Sea el primero en etiquetar este registro!
|
MARC
| LEADER | 00000ntm a22000003a 4500 | ||
|---|---|---|---|
| 001 | stuzp57836 | ||
| 003 | SK-STU | ||
| 005 | 20160719155358.4 | ||
| 007 | ta | ||
| 008 | 150427s2015----xo-----f-mn---000-0-slo-d | ||
| 040 | |a STU |b slo | ||
| 041 | 0 | |a slo | |
| 100 | 1 | |a Miklovič, Dávid |u 064000 |4 aut |U MTF Materiálovotechnologická fakulta |T MTF Ústav priemyselného inžinierstva a manažmentu |X 71654 |U M4000 |Y 84 |7 71654 | |
| 242 | 0 | 1 | |a Application of A3 report on reducting the costs of rebuts in the assembly process in PSA Trnava |y eng |
| 245 | 1 | 0 | |a Aplikácia A3 reportu na zníženie nákladov na rebuty v procese montáže v PSA Trnava |
| 260 | |c 2016 | ||
| 650 | 4 | |a rebut |2 slo | |
| 650 | 4 | |a A3 report |2 slo | |
| 650 | 4 | |a znižovanie nákladov |2 slo | |
| 650 | 4 | |a 5-krát prečo |2 slo | |
| 650 | 4 | |a reduction of costs |2 eng | |
| 650 | 4 | |a 5 whys |2 eng | |
| 650 | 4 | |a rebut |2 eng | |
| 650 | 4 | |a A3 report |2 eng | |
| 700 | 1 | |a Lestyánszka Škůrková, Katarína |u 064000 |k Z1 |4 ths |U MTF Materiálovotechnologická fakulta |T MTF Ústav priemyselného inžinierstva a manažmentu |X 61397 |U M4000 |Y 84 |7 61397 | |
| 856 | 4 | |u http://is.stuba.sk/zp/portal_zp.pl?podrobnosti=105907 | |
| 996 | |c M* BP-7738 |l MMSKP |s P |a 0 |w stuzp57836_0001 | ||
| SQL | |a stuzp57836 |b DBP |c SLO |d Aplikácia A3 reportu na zníženie nákladov na rebuty v procese montáže v PSA Trnava |e 71654 |f Miklovič, Dávid |g 064000 |h 61397 |i Lestyánszka Škůrková, Katarína |j 20160627 |k 171 |l 06 |m http://is.stuba.sk/zp/portal_zp.pl?podrobnosti=105907 |n B-KPR |o 5.2.57. kvalita produkcie | ||